000 00464nam a2200181Ia 4500
001 1083
005 20260306140605.0
008 260306t2008||||xx |||||||||||||| ||spa||
041 _aESP
082 _a180
_bR31H T. 4
100 _aReale, Giovanni
_eAUT
245 0 _aHistoria de la filosofia:
_bde Spinoza a Kant = Storia della filosofia IV Da Spinoza a Kant
260 _c2008
300 _a
_c
650 _aGEN
654 _aCHU
942 _cLIB
_dJUS
_fJUS
_2ddc
_n
999 _c1083
_d1083